Directorio moral (Record no. 8348)
[ view plain ]
| 000 -CABECERA | |
|---|---|
| campo de control de longitud fija | 01663nam a2200241 a 4500 |
| 001 - NÚMERO DE CONTROL | |
| campo de control | BRCA_8695 |
| 005 - FECHA Y HORA DE LA ÚLTIMA TRANSACCIÓN | |
| campo de control | 20190320210353.0 |
| 008 - DATOS DE LONGITUD FIJA--INFORMACIÓN GENERAL | |
| campo de control de longitud fija | 161216s--------it-b######---#000-0#lat-# |
| 040 ## - FUENTE DE LA CATALOGACIÓN | |
| Centro catalogador/agencia de origen | spa |
| 041 ## - CÓDIGO DE LENGUA | |
| Código de lengua del texto/banda sonora o título independiente | sp |
| 084 ## - OTRO NÚMERO DE CLASIFICACIÓN | |
| Número de clasificación | BE39 |
| Número de documento/Ítem | .E24 1790 |
| 100 1# - ENTRADA PRINCIPAL--NOMBRE DE PERSONA | |
| Nombre de persona | Echarri, Francisco (O.F.M.) |
| 9 (RLIN) | 21665 |
| 245 10 - MENCIÓN DE TÍTULO | |
| Título | Directorio moral |
| Mención de responsabilidad, etc. | del reverendo padre FR. Francisco Echarri, del orden de N.P.S. Francisco de la Regular Observancia. |
| 260 ## - PUBLICACIÓN, DISTRIBUCIÓN, ETC. | |
| Lugar de publicación, distribución, etc. | Madrid |
| Nombre del editor, distribuidor, etc. | En la Imprenta Real |
| Fecha de publicación, distribución, etc. | 1790 |
| 300 ## - DESCRIPCIÓN FÍSICA | |
| Extensión | 528 p. [t.1] |
| Otras características físicas | il. |
| Dimensiones | 21 x 15 cm. |
| 500 ## - NOTA GENERAL | |
| Nota general | Con marca de fuego: “Procedencia de la marca: Colegio de la Santa Cruz de Querétaro (1). Institución: Congregación de Propaganda Fide. Descripción: Cruz franqueada por las sílabas ´CO´ y ´LE´ de Colegio. Figura enmarcada en un círculo que representa el cordón franciscano. Observaciones: Rafael Sala y Carlos Krausse catalogan esta marca junto con una que solo posee la sílaba ´CO´ (consultar BJML-12026) como perteneciente al Colegio de Misioneros de Propaganda Fide, de la Santísima Cruz de Querétaro. David Saavedra por su parte, hace una atribución casi idéntica, salvo que menciona ´de la Cruz de los Milagros de Querétaro´. Ubicación de la marca en el libro: Canto superior” |
| 500 ## - NOTA GENERAL | |
| Nota general | Estado físico: lomo desprendido, cintas rotas y portada de fotocopia |
| 650 14 - PUNTO DE ACCESO ADICIONAL DE MATERIA--TÉRMINO DE MATERIA | |
| Término de materia o nombre geográfico como elemento de entrada | Moral cristiana |
| Subdivisión cronológica | Obras anteriores a 1800 |
| 9 (RLIN) | 21666 |
| 700 1# - PUNTO DE ACCESO ADICIONAL--NOMBRE DE PERSONA | |
| Nombre de persona | Giron y Serrado, Francisco |
| Término indicativo de función/relación | il. |
| 9 (RLIN) | 21667 |
| 856 ## - LOCALIZACIÓN Y ACCESO ELECTRÓNICOS | |
| Nombre del host | http://www.marcasdefuego.buap.mx:8180/xmLibris/projects/firebrand/item.jsp?repository=marcas_de_fuego&key=marcas_de_fuego_franciscanas_20131206110045_8d15.xml&num=99 |
| 902 ## - CATALOGADOR | |
| Iniciales | CFM |
| 942 ## - ELEMENTOS DE PUNTO DE ACCESO ADICIONAL (KOHA) | |
| Fuente del sistema de clasificación o colocación | Library of Congress Classification |
| Tipo de ítem Koha | Libros |
| Estado de retiro | Estado de pérdida | Fuente del sistema de clasificación o colocación | Estado dañado | No para préstamo | Código de colección | Localización permanente | Ubicación/localización actual | Fecha de adquisición | Fuente de adquisición | Total de préstamos | Signatura topográfica completa | Código de barras | Fecha visto por última vez | Precio válido a partir de | Tipo de ítem Koha |
|---|---|---|---|---|---|---|---|---|---|---|---|---|---|---|---|
| El ejemplar forma parte de la colección y puede ser consultado según las políticas vigentes. | Library of Congress Classification | Conventual Franz Mayer | Biblioteca del Museo Franz Mayer (Rogerio Casas-Alatriste) | Biblioteca del Museo Franz Mayer (Rogerio Casas-Alatriste) | 16/12/2016 | Donación | BE39 .E24 1790 | CFM00036 | 22/03/2019 | 22/03/2019 | Libros |